| 000 | 00565nam a2200193Ia 4500 | ||
|---|---|---|---|
| 005 | 20250508161613.0 | ||
| 008 | 008 250505s9999 xx 000 0 hin d | ||
| 037 | _aTextual | ||
| 040 |
_aFEDL _beng _cFEDL |
||
| 041 |
_ahin _2eng |
||
| 084 |
_a891.431, JAY _qFEDL |
||
| 100 |
_aSinghal Roshanlal _9771027 |
||
| 245 | 0 | _aPrasidh Sufi kavi Malik Muhmmad Jayasi ki amar rachna: Padmavat ki katha. | |
| 260 |
_aDelhi, India _bRajpal and Sons |
||
| 300 | _a94p | ||
| 365 |
_aINR _b1.25 |
||
| 942 |
_cTEXL _h891.431, JAY |
||
| 999 |
_c1371067 _d1371067 |
||